000 00793nam a22002297a 4500
005 20240530110407.0
008 150204s2011 ua g b 000 0 ara d
017 _a2010/8011
_bمصر . دار الكتب المصرية
020 _a9789773683236
040 _aEG-CaGPL
041 0 _aara
082 0 4 _221
_a225.2\
_bخ ح
100 0 _aخالد الزواوى
245 1 2 _aالحوارات الالهية هؤلاء كلمهم الله /
_cخالد الزواوى
260 _aالاسكندرية :
_bمؤسسة حورس الدولية ،
_c2011
300 _a374 ص ؛
_c24 سم
504 _aببليوجرافية : 367 - 369
650 0 4 _aقصص الانبياء
650 0 4 _aالقران
_xتفاسير
942 _2ddc
_cBK
999 _c60387
_d60387